<?xml version="1.0" encoding="UTF-8"?>
<record
    xmlns:xsi="http://www.w3.org/2001/XMLSchema-instance"
    xsi:schemaLocation="http://www.loc.gov/MARC21/slim http://www.loc.gov/standards/marcxml/schema/MARC21slim.xsd"
    xmlns="http://www.loc.gov/MARC21/slim">

  <leader>02225    a2200277   4500</leader>
  <controlfield tag="003">Nust</controlfield>
  <controlfield tag="005">20251009162037.0</controlfield>
  <datafield tag="010" ind1=" " ind2=" ">
    <subfield code="a">  2006373960</subfield>
  </datafield>
  <datafield tag="020" ind1=" " ind2=" ">
    <subfield code="a">1554070643 (pbk.)</subfield>
  </datafield>
  <datafield tag="035" ind1=" " ind2=" ">
    <subfield code="a">(OCoLC)ocm57064795</subfield>
  </datafield>
  <datafield tag="040" ind1=" " ind2=" ">
    <subfield code="c">Nust</subfield>
  </datafield>
  <datafield tag="082" ind1="0" ind2="4">
    <subfield code="a">910.202,AMI</subfield>
  </datafield>
  <datafield tag="100" ind1="1" ind2=" ">
    <subfield code="a">Muhammad Amin</subfield>
    <subfield code="9">28428</subfield>
  </datafield>
  <datafield tag="245" ind1="1" ind2="0">
    <subfield code="a">Journey through maldives /</subfield>
    <subfield code="c">Muhammad Amin, Steve Watkins and Clare Jones.</subfield>
  </datafield>
  <datafield tag="260" ind1=" " ind2=" ">
    <subfield code="a">Richmond Hill, Ont. :</subfield>
    <subfield code="b">Firefly Books,</subfield>
    <subfield code="c">2005.</subfield>
  </datafield>
  <datafield tag="300" ind1=" " ind2=" ">
    <subfield code="a">256 p. :</subfield>
    <subfield code="b">col. ill. ;</subfield>
    <subfield code="c">25 cm.</subfield>
  </datafield>
  <datafield tag="505" ind1="0" ind2=" ">
    <subfield code="a">Dog-sledding, Sweden -- Aboriginal dreaming, Australia -- Crossing the divide, Turkey -- Exploring rainforest and reef, Belize -- Ch&#x3874;eaux and wine-tasting, France -- River-running, Zambia -- Flying safari, Namibia -- Tracking spirit bears, Canada -- Fly-fishing and whisky, Scotland -- Hiking through Arches, USA -- Tasting warrior life, Mongolia -- 'Lost world' river journey, Venezuela -- Himalayan adventure, Nepal -- Watching Aida, Italy -- Driving Californian surf, USA -- Swimming in thermal spas, Iceland -- Gambling and glitz, USA -- Riding elephants, Nepal -- Heli-hiking in the Rockies, Canada -- Felucca down the Nile, Egypt -- Climbing a volcano, Guatemala -- Trekking the Milford Track, New Zealand -- Camel trekking, Jordan -- Partying at Mardi Gras, USA -- Red Sea diving, Egypt -- Riding white horses, New Zealand -- Walking the wall, China -- Discovering wild flowers, Crete -- Finding paradise, the Maldives -- Souk shopping, Morocco -- Following wildebeest, Tanzania -- Palace on wheels, India -- Trekking Torres del Paine, Chile -- Sea-kayaking Baja, Mexico -- Rice-boat cruising, India -- Skiing the Vall&#x2965; Blanche, France -- Cycling among rice paddies, Vietnam -- Festival of the Sahara, Tunisia -- Discovering a medieval city, Estonia -- Searching for pearls, French Polynesia.</subfield>
  </datafield>
  <datafield tag="650" ind1=" " ind2="0">
    <subfield code="a">Travel</subfield>
    <subfield code="9">121022</subfield>
  </datafield>
  <datafield tag="650" ind1=" " ind2="0">
    <subfield code="a">Voyages</subfield>
    <subfield code="9">131077</subfield>
  </datafield>
  <datafield tag="650" ind1=" " ind2="0">
    <subfield code="a">Voyages</subfield>
    <subfield code="9">131077</subfield>
  </datafield>
  <datafield tag="650" ind1=" " ind2="0">
    <subfield code="a">Voyages and travels</subfield>
    <subfield code="9">46118</subfield>
  </datafield>
  <datafield tag="700" ind1="1" ind2=" ">
    <subfield code="a">Jones, Clare.</subfield>
    <subfield code="9">131078</subfield>
  </datafield>
  <datafield tag="856" ind1="4" ind2="2">
    <subfield code="3">Contributor biographical information</subfield>
    <subfield code="u">http://www.loc.gov/catdir/enhancements/fy0645/2006373960-b.html</subfield>
  </datafield>
  <datafield tag="856" ind1="4" ind2="2">
    <subfield code="3">Publisher description</subfield>
    <subfield code="u">http://www.loc.gov/catdir/enhancements/fy0645/2006373960-d.html</subfield>
  </datafield>
  <datafield tag="942" ind1=" " ind2=" ">
    <subfield code="2">ddc</subfield>
    <subfield code="c">BK</subfield>
  </datafield>
  <datafield tag="999" ind1=" " ind2=" ">
    <subfield code="c">184853</subfield>
    <subfield code="d">184853</subfield>
  </datafield>
  <datafield tag="952" ind1=" " ind2=" ">
    <subfield code="0">0</subfield>
    <subfield code="1">0</subfield>
    <subfield code="2">ddc</subfield>
    <subfield code="4">0</subfield>
    <subfield code="7">0</subfield>
    <subfield code="a">MCS</subfield>
    <subfield code="b">MCS</subfield>
    <subfield code="c">GEN</subfield>
    <subfield code="d">2016-12-12</subfield>
    <subfield code="o">910.202,AMI</subfield>
    <subfield code="p">MCS33781</subfield>
    <subfield code="r">2016-12-08</subfield>
    <subfield code="w">2016-12-12</subfield>
    <subfield code="y">BK</subfield>
    <subfield code="z">Almirah No.76, Shelf No.3</subfield>
  </datafield>
</record>
